| 000 | 00809 a2200253 4500 | ||
|---|---|---|---|
| 005 | 20260316080605.0 | ||
| 020 | _a9781071870631 | ||
| 050 | 0 | 0 |
_aH62 _bCRE 2023 |
| 100 | 1 |
_aCreswell, John W. _eauthor |
|
| 245 | 1 |
_aResearch design: _bQualitative, Quantitative and Mixed methods Approaches / _c John W. Creswell |
|
| 250 | _asixth edition | ||
| 264 |
_aLondon: _bSage Publications _c2023 |
||
| 300 |
_a291 Pages. _billustrations |
||
| 336 |
_atext _btxt _2rdacontent |
||
| 337 |
_aunmediated _2rdamedia _bn |
||
| 338 |
_avolume _2rdacarrier _bnc |
||
| 504 | _aIncludes Bibliographic References | ||
| 650 | 0 | _aResearch | |
| 650 | 0 | _aQualitative research | |
| 650 | 0 | _aQuantitative Research | |
| 650 | 0 | _aMixed methods approach | |
| 700 |
_aCreswell,David J _eauthor |
||
| 942 |
_2lcc _cBK _h62 _iCRE _kH _esixth |
||
| 999 |
_c11707 _d11707 |
||